000 00426nam a2200181Ia 4500
001 1048
005 20260306140603.0
008 260306t2009||||xx |||||||||||||| ||spa||
041 _aESP
082 _a180
_bH58
100 _aHirschberger, Johannes
_eAUT
245 0 _aBreve historia de la filosofía
260 _c2009
300 _a328 páginas :
_c20 cm.
650 _aGEN
654 _aCHU
942 _cLIB
_dJUS
_fJUS
_2ddc
_n
999 _c1048
_d1048